000 01191cam a22002531i 4500
003 SA-RiAUC
005 20250207134354.0
008 250206q20002009ua g 000 0 ara c
040 _aSA-JeALM
_bara
_cSA-RiAUC
_erda
082 0 4 _a237.2
_qSA-RiAUC
090 _a237.2
_bس و ي
100 1 _aسويد، محمد نور بن عبد الحفيظ
_eمؤلف.
245 1 0 _aمسند آل البيت رضي الله تعالى عنهم /
_cمحمد نور بن عبد الحفيظ سويد ؛ دراسة وتحقيق مركز التراث لخدمة الكتاب والسنة.
264 1 _bالقاهرة :
_bمكتبة التراث الإسلامي،
_c[بين 2000 و2009]
300 _a2 مجلد ؛
_c24 سم
336 _aنص
_btxt
_2rdacontent
_3كتاب
337 _aبدون وسيط
_bn
_2rdamedia
338 _aمجلد
_bnc
_2rdacarrier
500 _aختم اهداء من مكتبة عبدالرحمن كعكي الخاصة بالمدينة المنورة.
650 7 _aالحديث
_xالمسانيد
_2aucsh
710 2 _aمركز التراث لخدمة الكتاب والسنة (بيروت)
_eمحقق.
942 _2ddc
_cBOOK
_n0
949 _aSA-JeALM
_d250206
_uosman123
_n1
999 _c5690
_d5690